Population in history: essays in historical demography (Record no. 18258)

MARC details
000 -LEADER
fixed length control field 00548nam a2200205Ia 4500
082 ## - DEWEY DECIMAL CLASSIFICATION NUMBER
Classification number 304.608 POP;
245 #0 - TITLE STATEMENT
Title Population in history: essays in historical demography
260 ## - PUBLICATION, DISTRIBUTION, ETC. (IMPRINT)
Place of publication London
Name of publisher Edward Arnold
Year of publication 1965
300 ## - PHYSICAL DESCRIPTION
Number of Pages 692p.
650 ## - SUBJECT ADDED ENTRY--TOPICAL TERM
Topical Term Essays
650 ## - SUBJECT ADDED ENTRY--TOPICAL TERM
Topical Term Population - Economic aspects
650 ## - SUBJECT ADDED ENTRY--TOPICAL TERM
Topical Term Population density
650 ## - SUBJECT ADDED ENTRY--TOPICAL TERM
Topical Term Historical demography
650 ## - SUBJECT ADDED ENTRY--TOPICAL TERM
Topical Term Population geography
650 ## - SUBJECT ADDED ENTRY--TOPICAL TERM
Topical Term Population - History
650 ## - SUBJECT ADDED ENTRY--TOPICAL TERM
Topical Term Social change
700 ## - ADDED ENTRY--PERSONAL NAME
Personal name Eversley, D.E.C.
700 ## - ADDED ENTRY--PERSONAL NAME
Personal name Glass, D.V.
942 ## - ADDED ENTRY ELEMENTS (KOHA)
Koha item type Books
Holdings
Withdrawn status Lost status Damaged status Not for loan Home library Current library Date acquired Full call number Accession Number Price effective from Koha item type
        NASSDOC Library NASSDOC Library 08/06/2004 304.608 POP; 2667 18/04/2019 Books